Stand up for their rights (Record no. 66052)

MARC details
000 -LEADER
fixed length control field 01289cam a2200253 4500
001 - CONTROL NUMBER
control field ABS63472
008 - FIXED-LENGTH DATA ELEMENTS--GENERAL INFORMATION
fixed length control field 000000n2001 000 0 eng u
035 ## - SYSTEM CONTROL NUMBER
System control number (Sirsi) u110802
100 ## - MAIN ENTRY--PERSONAL NAME
Personal name Barnes, R.
245 ## - TITLE STATEMENT
Title Stand up for their rights
260 ## - PUBLICATION, DISTRIBUTION, ETC.
Date of publication, distribution, etc. 2001
490 ## - SERIES STATEMENT
Series statement Building
Volume/sequential designation 266(8166) 26 January 2001, 62-63(2)
520 ## - SUMMARY, ETC.
Summary, etc. Warns that consultants can be found to have breached the Human Rights Act 1998 if they contravene its provisions whilst performing any public body's functions. Although approach the courts will take remains unclear many local authorities are demanding that consultants both comply with the Act and offer the authority indemnity against the costs of damages, reinstatement claims and expenses incurred as a result of their actions. Considers the consultant's liability under the Act and the need for, and likely requirements of, indemnity insurance. NOTE: This abstract was also listed in Abstracts and Reviews as ABS63473.
590 ## - LOCAL NOTE (RLIN)
Local note ABS
650 ## - SUBJECT ADDED ENTRY--TOPICAL TERM
Topical term or geographic name entry element CONSULTANCY
650 ## - SUBJECT ADDED ENTRY--TOPICAL TERM
Topical term or geographic name entry element CONSULTANTS
650 ## - SUBJECT ADDED ENTRY--TOPICAL TERM
Topical term or geographic name entry element HUMAN RIGHTS
650 ## - SUBJECT ADDED ENTRY--TOPICAL TERM
Topical term or geographic name entry element HUMAN RIGHTS ACT 1998
650 ## - SUBJECT ADDED ENTRY--TOPICAL TERM
Topical term or geographic name entry element Insurance
9 (RLIN) 6249
650 ## - SUBJECT ADDED ENTRY--TOPICAL TERM
Topical term or geographic name entry element LIABILITY
650 ## - SUBJECT ADDED ENTRY--TOPICAL TERM
Topical term or geographic name entry element PROFESSIONAL INDEMNITY INSURANCE
690 ## - LOCAL SUBJECT ADDED ENTRY--TOPICAL TERM (OCLC, RLIN)
Topical term or geographic name as entry element MANAGEMENT-BUSINESS MANAGEMENT-PROFESSIONAL PRACTICE
942 ## - ADDED ENTRY ELEMENTS (KOHA)
Suppress in OPAC 0
Holdings
Withdrawn status Lost status Source of classification or shelving scheme Damaged status Not for loan Home library Current library Shelving location Date acquired Total Checkouts Full call number Barcode Date last seen Copy number Price effective from Koha item type
    Dewey Decimal Classification     London London Journal article 07/02/2001   ABS63472 110802-1001 06/08/2019 1 06/08/2019 Journal article